000 01242nam a2200325 i 4500
003 EG-GICUC
005 20260121101538.0
008 251225s1990 ua ||||fr|||| 000 0 ara d
017 _a89/4496
020 _a977-04-0485-3
040 _a EG-GICUC
_bara
_c EG-GICUC
_d EG-GICUC
_erda
041 0 _aara
082 0 4 _221
_a345.452
_bم ح . أ
092 0 4 _221
099 _aLaw1 07 345.452 م ح . أ 1990
100 0 _aمحسن العبودي
_eمؤلف.
245 1 0 _aأحكام تأديب ضباط الشرطة :
_bمع دراسة خاصة للتكييف القانوني لمجالس التأديب وقراراتها /
_cالدكتور محسن العبودي.
264 1 _aالقاهرة :
_bدار النهضة العربية،
_c1990.
300 _a78 ؛صفحة
_c24 سم.
_bإيضاحيات، صور، مثيليات ؛
336 _2rda content
_atext
337 _2rda media
_aComputer
338 _2rda carrier
_aOnline Resource
546 _aالنص باللغة العربية
650 1 4 _aتأديب رجال الشرطة
_2qrmak
650 1 4 _aالقانون الإداري
_2qrmak
651 1 _2qrmak
856 4 0 _uhttps://fll.law.cu.edu.eg/fulltext/bks/B07-01552.pdf
905 _a79
942 _2ddc
_cBK
_e21
_n0
999 _c52529
_d52529